[Event "SR 2. liga A 2004/2005"]
[Site "?"]
[Date "2005.01.22"]
[Round "7.1"]
[White "Pivacek, Marek"]
[Black "Biro, Karol"]
[Result "0-1"]
[WhiteElo "1984"]
[BlackElo "2227"]
[PlyCount "126"]
[EventDate "2004.??.??"]

1. Nf3 Nf6 2. c4 c5 3. Nc3 e6 4. g3 b6 5. Bg2 Bb7 6. O-O Be7 7. b3 O-O 8. Bb2
d5 9. cxd5 Nxd5 10. Nxd5 Qxd5 11. Qc2 Nc6 12. Qc4 Qh5 13. Qf4 Rac8 14. Rac1
Rfd8 15. d3 Nb4 16. g4 Qd5 17. Qc4 Qc6 18. a3 Nd5 19. g5 Qe8 20. Qg4 Nc7 21.
Nd2 Bxg2 22. Qxg2 Nb5 23. f4 Nd4 24. e3 Nf5 25. Qe4 Qd7 26. Rc3 f6 27. Nf3 Nd6
28. Qa4 Qxa4 29. bxa4 Nf5 30. Kf2 Rc7 31. e4 Nd4 32. Nxd4 Rxd4 33. h4 Rxa4 34.
Rd1 Rd7 35. Ke2 Kf7 36. Ke3 f5 37. e5 Rad4 38. Rb3 R4d5 39. Rc3 b5 40. a4 a6
41. axb5 axb5 42. Ra1 c4 43. dxc4 bxc4 44. Ra4 Bc5+ 45. Kf3 Rd3+ 46. Rxd3 cxd3
47. Ra1 d2 48. Rd1 Bb4 49. Ke2 Kg6 50. Ke3 Kh5 51. Kf3 Rc7 52. Ke3 Rc4 53. Ba3
Rc3+ 54. Kxd2 Rxa3+ 55. Ke2 Ra7 56. Kf3 Ba3 57. Ra1 Bc5 58. Rc1 Rc7 59. Rb1 Kg6
60. Rb8 Kf7 61. Rh8 Bf8 62. h5 h6 63. Ke3 Rc3+ 0-1

[Event "SR 2. liga A 2004/2005"]
[Site "?"]
[Date "2005.01.22"]
[Round "7.1"]
[White "Smolen, Jan"]
[Black "Duriga, Stefan"]
[Result "1-0"]
[WhiteElo "2356"]
[BlackElo "2252"]
[PlyCount "37"]
[EventDate "2004.??.??"]
[TimeControl "240+2"]

{48MB, Fritz8.ctg, FRATRIC-A552EF0} 1. e4 g6 2. d4 Bg7 3. Nc3 c6 4. h3 b5 5. g3
d5 6. exd5 b4 7. Na4 Qxd5 8. Nf3 Bf5 9. c4 Qe4+ 10. Be3 Nd7 11. g4 c5 12. d5
Ne5 13. Be2 Rc8 14. gxf5 Nf6 15. Rg1 Nfd7 16. Nxe5 Bxe5 17. Qd3 Qxf5 18. Qxf5
gxf5 19. f4 {Time 0:55-0:47} 1-0

[Event "SR 2. liga A 2004/2005"]
[Site "?"]
[Date "2005.01.22"]
[Round "7.2"]
[White "Eged, Igor"]
[Black "Bury, Rastislav"]
[Result "1/2-1/2"]
[WhiteElo "2107"]
[BlackElo "2043"]
[PlyCount "40"]
[EventDate "2004.??.??"]

1. d4 c5 2. d5 g6 3. e4 Bg7 4. c4 d6 5. Qb3 e5 6. Be2 Ne7 7. h4 Nd7 8. h5 f5 9.
hxg6 hxg6 10. Rxh8+ Bxh8 11. Qh3 Kf7 12. Qh7+ Bg7 13. exf5 Nxf5 14. Nf3 Nf8 15.
Ng5+ Qxg5 16. Qxg7+ Kxg7 17. Bxg5 Nh7 18. Bd2 Nd4 19. Na3 Nf6 20. Bc3 Bd7
1/2-1/2

[Event "SR 2. liga A 2004/2005"]
[Site "?"]
[Date "2005.01.22"]
[Round "7.2"]
[White "Machalova, Maria"]
[Black "Bebiak, Jozef"]
[Result "1-0"]
[WhiteElo "2137"]
[BlackElo "2122"]
[PlyCount "87"]
[EventDate "2004.??.??"]

1. c4 e5 2. Nc3 f5 3. g3 Nf6 4. Bg2 Nc6 5. d3 Be7 6. e3 O-O 7. Nge2 d6 8. O-O
Nh5 9. Nd5 Be6 10. b4 Bg5 11. b5 Na5 12. f4 exf4 13. gxf4 c6 14. Nd4 Bf7 15.
fxg5 cxd5 16. cxd5 g6 17. Qd2 b6 18. e4 f4 19. Nf3 Rc8 20. Bh3 Rc5 21. Qb2 Be8
22. Be6+ Bf7 23. Bg4 Be8 24. Qd4 Ng7 25. Bb2 Rc7 26. Be6+ Kh8 27. Qb4 Nb7 28.
Bf6 Rxf6 29. gxf6 Qxf6 30. Qd4 Qe7 31. Qb2 Nc5 32. Rac1 h6 33. a4 Kh7 34. Bh3
Nxd3 35. Rxc7 Qxc7 36. Qd4 Qc2 37. e5 Nc1 38. Qd2 Ne2+ 39. Kf2 Qxd2 40. Nxd2
Nd4 41. exd6 Ngf5 42. Bxf5 Nxf5 43. Ne4 Kg7 44. Rc1 1-0

[Event "SR 2. liga A 2004/2005"]
[Site "?"]
[Date "2005.01.22"]
[Round "7.2"]
[White "Meszaros, Michal"]
[Black "Horak, Ivan"]
[Result "1-0"]
[WhiteElo "2347"]
[BlackElo "2177"]
[PlyCount "47"]
[EventDate "2004.??.??"]

1. e4 c5 2. Nf3 d6 3. d4 cxd4 4. Nxd4 Nf6 5. Nc3 a6 6. Be2 e5 7. Nb3 Be6 8. f4
Qc7 9. g4 b5 10. a3 Nc6 11. g5 Nd7 12. f5 Bxb3 13. cxb3 Nb6 14. Be3 Rc8 15. Rc1
Qb7 16. O-O Nb8 17. g6 N8d7 18. Bh5 Be7 19. gxf7+ Kd8 20. Rc2 Nf6 21. Rg2 Bf8
22. Bg5 Be7 23. Bh4 Nxh5 24. Qxd6+ 1-0

[Event "SR 2. liga A 2004/2005"]
[Site "?"]
[Date "2005.01.22"]
[Round "7.2"]
[White "Mikita, Jozef"]
[Black "Polacik, Igor"]
[Result "1-0"]
[WhiteElo "2209"]
[BlackElo "2014"]
[PlyCount "95"]
[EventDate "2004.??.??"]

1. e4 e5 2. Nf3 Nf6 3. Nxe5 d6 4. Nf3 Nxe4 5. d4 d5 6. Bd3 Be7 7. O-O Nc6 8. c4
Nf6 9. Nc3 Nb4 10. Be2 dxc4 11. Bxc4 c6 12. Qb3 O-O 13. Ne5 Nbd5 14. Bg5 Ng4
15. Bxe7 Qxe7 16. Rae1 Qh4 17. Nxg4 Qxg4 18. Nxd5 cxd5 19. Bxd5 Qxd4 20. Re7
Qc5 21. Rxf7 Rxf7 22. Bxf7+ Kh8 23. Bd5 Bg4 24. Qxb7 Rf8 25. Qc6 Qe7 26. h3 Rc8
27. Qb7 Rc7 28. Qb8+ Rc8 29. Qf4 Bh5 30. Rc1 Rd8 31. Bf3 Bxf3 32. Qxf3 Rf8 33.
Qg3 Qf6 34. b4 h6 35. b5 Rf7 36. a4 Qb2 37. Rc8+ Kh7 38. Rc6 Qb1+ 39. Kh2 Qe4
40. f3 Qf5 41. a5 Qd7 42. Qg6+ Kg8 43. b6 axb6 44. axb6 Qd5 45. Rc8+ Rf8 46.
Rxf8+ Kxf8 47. Qg3 g5 48. Qc7 1-0

[Event "SR 2. liga A 2004/2005"]
[Site "?"]
[Date "2005.01.22"]
[Round "7.2"]
[White "Skreno, Vladimir"]
[Black "Felcir, Jaroslav"]
[Result "1/2-1/2"]
[WhiteElo "2180"]
[BlackElo "2208"]
[PlyCount "36"]
[EventDate "2004.??.??"]

1. d4 d5 2. Nf3 Nf6 3. c4 c6 4. cxd5 cxd5 5. Nc3 Nc6 6. Bf4 Bf5 7. a3 e6 8. e3
Bd6 9. Bxd6 Qxd6 10. Rc1 O-O 11. Be2 h6 12. O-O Rac8 13. Na4 b6 14. Ba6 Rc7 15.
Nc3 Nb8 16. Qa4 Qc6 17. Qxc6 Rxc6 18. Be2 Rfc8 1/2-1/2

[Event "SR 2. liga A 2004/2005"]
[Site "?"]
[Date "2005.01.22"]
[Round "7.2"]
[White "Tepper, Frantisek"]
[Black "Daubner, Jakub"]
[Result "1/2-1/2"]
[WhiteElo "2242"]
[BlackElo "2211"]
[PlyCount "139"]
[EventDate "2004.??.??"]
[TimeControl "240+2"]

{48MB, Fritz8.ctg, FRATRIC-A552EF0} 1. e4 c6 2. d4 d5 3. exd5 cxd5 4. Bd3 Nf6
5. Nf3 Nc6 6. c3 g6 7. O-O Bg7 8. Re1 O-O 9. Nbd2 e6 10. Nf1 Qc7 11. Bg5 a5 12.
a4 b6 13. Qd2 Ba6 14. Bxa6 Rxa6 15. Ng3 Qb7 16. Qf4 Nd7 17. Bh6 Qb8 18. Qh4 Qd8
19. Qh3 Bxh6 20. Qxh6 Qf6 21. Re3 Qg7 22. Qf4 Ra7 23. Qd6 Rc8 24. Rae1 Qf8 25.
Qf4 Rb7 26. h4 h6 27. Qg4 Qg7 28. Qf4 b5 29. axb5 Rxb5 30. Qd6 Rb7 31. R1e2 Nb6
32. b3 a4 33. Qa3 axb3 34. Qxb3 Na5 35. Qa2 Nbc4 36. Rd3 Nb3 37. Re1 Qf8 38.
Ne5 Nxe5 39. dxe5 Ra8 40. Qe2 Ra4 41. h5 g5 42. Rf3 Nc5 43. Re3 Nd7 44. Nf1 Qc5
45. Nh2 Qc4 46. g3 Qxe2 47. R1xe2 Rc7 48. f4 Ra1+ 49. Kg2 Rc1 50. Ng4 gxf4 51.
gxf4 Kh7 52. Ra2 Kg7 53. Nf6 Nxf6 54. Rg3+ Ng4 55. Rxg4+ Kf8 56. Ra8+ Ke7 57.
Rgg8 Kd7 58. Rgd8+ Kc6 59. Rdc8 Rc2+ 60. Kf1 Rxc8 61. Rxc8+ Kd7 62. Rh8 Rxc3
63. Ke2 Rh3 64. Rxh6 Ke7 65. Rh8 d4 66. h6 Re3+ 67. Kd2 Rh3 68. h7 Kd7 69. Ke2
Ke7 70. Kd2 1/2-1/2

[Event "SR 2. liga A 2004/2005"]
[Site "?"]
[Date "2005.01.22"]
[Round "7.3"]
[White "Bezuch, Martin"]
[Black "Petreje, Juraj"]
[Result "1-0"]
[WhiteElo "2190"]
[BlackElo "2191"]
[PlyCount "97"]
[EventDate "2004.??.??"]
[TimeControl "240+2"]

{48MB, Fritz8.ctg, FRATRIC-A552EF0} 1. e4 c6 2. d4 d5 3. Nc3 dxe4 4. Nxe4 Bf5
5. Ng3 Bg6 6. h4 h6 7. h5 Bh7 8. Nf3 Nf6 9. Bd3 e6 10. Bxh7 Nxh7 11. Qd3 Nd7
12. Bd2 Bd6 13. Ne4 Bc7 14. O-O-O Nhf6 15. c4 Nxe4 16. Qxe4 Nf6 17. Qe2 Qe7 18.
Ne5 O-O-O 19. Bc3 c5 20. dxc5 Bxe5 21. Qxe5 Nd7 22. Qe3 Nf6 23. Bxf6 Qxf6 24.
Rd6 Qf5 25. f3 Rxd6 26. cxd6 Rd8 27. Rd1 b6 28. Rd3 Qxh5 29. c5 bxc5 30. Qe4
Qh1+ 31. Rd1 Qxd1+ 32. Kxd1 Rxd6+ 33. Kc2 Rd5 34. Qa4 Rd7 35. Qc6+ Kd8 36. Qa8+
Ke7 37. Qh8 Kf6 38. Qc8 Rd5 39. Qc7 h5 40. Qxa7 Rg5 41. Kc3 h4 42. a4 Rxg2 43.
Qxc5 Rg3 44. Qd4+ Kf5 45. Qxh4 Rxf3+ 46. Kd2 g5 47. Qh7+ Kg4 48. a5 f5 49. a6
1-0

[Event "SR 2. liga A 2004/2005"]
[Site "?"]
[Date "2005.01.22"]
[Round "7.3"]
[White "Hricak, Vasil"]
[Black "Rovnak, Peter"]
[Result "0-1"]
[WhiteElo "2014"]
[BlackElo "2135"]
[PlyCount "102"]
[EventDate "2004.??.??"]

1. e4 Nf6 2. e5 Nd5 3. c4 Nb6 4. d4 d6 5. f4 dxe5 6. fxe5 Bf5 7. Nf3 e6 8. Bg5
Be7 9. Bxe7 Qxe7 10. Nc3 c5 11. Nb5 O-O 12. Nd6 cxd4 13. Bd3 Bxd3 14. Qxd3 Nc6
15. c5 Nd7 16. Rc1 Ndxe5 17. Nxe5 Nxe5 18. Qxd4 Nc6 19. Qf4 a5 20. a3 f5 21.
O-O g6 22. Qc4 Kh8 23. Rfe1 e5 24. Rc3 h6 25. Rb3 Rab8 26. Rb6 e4 27. b4 axb4
28. axb4 Ne5 29. Qd5 Ng4 30. Nxb7 Qh4 31. Qd4+ Kh7 32. Kf1 Nxh2+ 33. Ke2 Qg4+
34. Kd2 Qxg2+ 35. Kc1 Nf3 36. Qd7+ Kh8 37. Rd1 Ra8 38. Na5 Qg5+ 39. Kb1 Rfd8
40. Qa4 Rxd1+ 41. Qxd1 Rd8 42. Qc2 Qg1+ 43. Kb2 Rd2 44. Rb8+ Kg7 45. c6 Rxc2+
46. Kxc2 Nd4+ 47. Kc3 Qg3+ 48. Kxd4 Qxb8 49. Kc5 e3 50. b5 e2 51. b6 Qe5+ 0-1

[Event "SR 2. liga A 2004/2005"]
[Site "?"]
[Date "2005.01.22"]
[Round "7.3"]
[White "Jablonicky, Frantisek"]
[Black "Cvicela, Anton"]
[Result "1-0"]
[WhiteElo "2181"]
[BlackElo "2185"]
[PlyCount "91"]
[EventDate "2004.??.??"]

1. d4 d5 2. g3 Nf6 3. Bg2 Bf5 4. Nf3 Qc8 5. h3 h6 6. c4 c6 7. Qb3 Nbd7 8. Nc3
dxc4 9. Qxc4 Nb6 10. Qb3 Qe6 11. Qxe6 Bxe6 12. e4 O-O-O 13. b4 Bc4 14. a3 g5
15. Ne5 Bg7 16. Nxc4 Nxc4 17. e5 Nd5 18. Nxd5 cxd5 19. Ke2 f6 20. f4 gxf4 21.
gxf4 f5 22. Bf3 e6 23. Bh5 Bf8 24. Rg1 Kd7 25. Bd2 Be7 26. Be1 Rhg8 27. Bf2
Rdf8 28. Kd3 Rxg1 29. Rxg1 Nxa3 30. Rg7 Kd8 31. Kc3 Nb5+ 32. Kb3 b6 33. Rg6 Nc7
34. Rxh6 Rg8 35. Bf3 a5 36. bxa5 bxa5 37. Ka4 Bb4 38. Rh7 Kc8 39. h4 Na8 40.
Kb5 Bd2 41. h5 Bxf4 42. h6 Rf8 43. Kc6 Kb8 44. Rb7+ Kc8 45. h7 Bh6 46. Bh4 1-0

[Event "SR 2. liga A 2004/2005"]
[Site "?"]
[Date "2005.01.22"]
[Round "7.3"]
[White "Lauf, Pavol"]
[Black "Pacher, Milan"]
[Result "0-1"]
[WhiteElo "2120"]
[BlackElo "2138"]
[PlyCount "87"]
[EventDate "2004.??.??"]

1. Nf3 Nf6 2. g3 g6 3. Bg2 Bg7 4. O-O O-O 5. c4 d5 6. cxd5 Nxd5 7. Nc3 e5 8.
Qb3 Nb6 9. d3 h6 10. a4 Be6 11. Qa3 Nc6 12. Ne4 Nd7 13. e3 a5 14. Rd1 Nb4 15.
Ne1 f5 16. Nc3 c6 17. Ne2 Nc5 18. Bd2 Nbxd3 19. Bxa5 Qxa5 20. Nxd3 Nb3 21. Rab1
Rfd8 22. Nc3 Bf8 23. Qa2 Bf7 24. Nd5 Bxd5 25. Bxd5+ Qxd5 26. Nxe5 Nd2 27. b3
Qxe5 28. Rxd2 Bb4 29. Rdd1 Qc3 30. Qe2 c5 31. Rdc1 Qd3 32. Qf3 Qe4 33. Qe2 Rd2
34. Qb5 Rad8 35. Rf1 R8d7 36. Rbc1 Qd3 37. Qb6 Qa6 38. Qxa6 bxa6 39. Rb1 R7d3
40. Kg2 Rc2 41. Kf3 Rdc3 42. g4 Rd3 43. Rbc1 fxg4+ 44. Kxg4 0-1

[Event "SR 2. liga A 2004/2005"]
[Site "?"]
[Date "2005.01.22"]
[Round "7.3"]
[White "Petenyi, Tamas"]
[Black "Machalova, Veronika"]
[Result "0-1"]
[WhiteElo "2037"]
[BlackElo "2168"]
[PlyCount "108"]
[EventDate "2004.??.??"]

1. e4 c5 2. Nf3 d6 3. d4 cxd4 4. Nxd4 Nf6 5. Nc3 Nc6 6. Nb3 e6 7. Be3 Be7 8. f3
O-O 9. Qd2 a6 10. O-O-O b5 11. g4 Ne5 12. Qf2 Nfxg4 13. fxg4 Nxg4 14. Qg3 Nxe3
15. Rg1 Bg5 16. Qxg5 Qxg5 17. Rxg5 Nxd1 18. Nxd1 Bb7 19. Bd3 Rac8 20. Ne3 g6
21. Rg1 Kg7 22. Kd2 Kf6 23. c3 Ke7 24. Re1 Kd7 25. c4 Bc6 26. Na5 b4 27. Nc2
Rb8 28. Nd4 Ba8 29. e5 dxe5 30. Rxe5 Kd6 31. Re1 e5 32. c5+ Kxc5 33. Ndb3+ Kd5
34. Bxa6 e4 35. Ke3 f5 36. Rd1+ Ke5 37. Nc4+ Kf6 38. Nc5 Rfd8 39. Nd7+ Ke7 40.
Nce5 Rb6 41. Bc4 Rd6 42. Rxd6 Kxd6 43. Kf4 Rxd7 44. Nxd7 Kxd7 45. Bg8 Ke7 46.
h4 Kf6 47. a3 bxa3 48. bxa3 h6 49. a4 g5+ 50. hxg5+ hxg5+ 51. Ke3 Ke5 52. Bc4
f4+ 53. Kf2 Kd4 54. Bb5 e3+ 0-1

[Event "SR 2. liga A 2004/2005"]
[Site "?"]
[Date "2005.01.22"]
[Round "7.3"]
[White "Provaznik, Michal"]
[Black "Gasa, Andrej"]
[Result "0-1"]
[WhiteElo "2192"]
[BlackElo "2202"]
[PlyCount "88"]
[EventDate "2004.??.??"]

1. e4 c5 2. Nf3 d6 3. Nc3 Nf6 4. Bb5+ Bd7 5. Bxd7+ Qxd7 6. O-O e6 7. d4 cxd4 8.
Nxd4 Nc6 9. Re1 Be7 10. Be3 O-O 11. Qe2 a6 12. a4 Qc7 13. f4 Na5 14. f5 e5 15.
Nb3 d5 16. Nxd5 Nxd5 17. exd5 Nc4 18. Bf2 Rac8 19. c3 Qd7 20. Rad1 Bd6 21. f6
Rfe8 22. Nd2 Nxb2 23. Ne4 Nxd1 24. Rxd1 Bf8 25. Rd3 Qxa4 26. fxg7 Bxg7 27. Nd6
Qa1+ 28. Rd1 Qxc3 29. Qg4 Kf8 30. Nf5 Bf6 31. Be3 Re7 32. d6 Qxe3+ 33. Nxe3 Re6
34. Qf5 Rd8 35. d7 e4 36. Qxh7 b5 37. Nf5 e3 38. Qh6+ Kg8 39. Kh1 e2 40. Re1
Rxd7 41. Qf4 Rd1 42. Qg3+ Kf8 43. h4 Rxe1+ 44. Qxe1 Bc3 0-1

[Event "SR 2. liga A 2004/2005"]
[Site "?"]
[Date "2005.01.22"]
[Round "7.4"]
[White "Bronis, Marian"]
[Black "Kralovic, Andrej"]
[Result "1-0"]
[WhiteElo "2161"]
[BlackElo "2062"]
[PlyCount "93"]
[EventDate "2004.??.??"]
[TimeControl "240+2"]

{48MB, Fritz8.ctg, FRATRIC-A552EF0} 1. d4 d6 2. c4 e5 3. Nf3 Nd7 4. Nc3 Ngf6 5.
e4 c6 6. Be2 Qc7 7. O-O Be7 8. Re1 O-O 9. Bf1 Re8 10. h3 Nf8 11. d5 Ng6 12. g3
Bd7 13. Bg5 h6 14. Bd2 Qc8 15. Kh2 Nh7 16. Ng1 c5 17. f4 exf4 18. gxf4 Bh4 19.
Re2 Qd8 20. Rg2 Qf6 21. Qf3 a6 22. Bd3 Rab8 23. a4 Qe7 24. Nge2 Bf6 25. Be1 Kh8
26. Qh5 Nhf8 27. Bd2 b6 28. Rag1 Rb7 29. Be1 Nh7 30. Kh1 Bc8 31. Nd1 Qd7 32.
Kh2 Qxa4 33. Bc3 Qd7 34. e5 dxe5 35. Bxg6 fxg6 36. Rxg6 Nf8 37. Rxf6 gxf6 38.
fxe5 fxe5 39. Bxe5+ Kh7 40. Rg7+ Qxg7 41. Bxg7 Rxe2+ 42. Qxe2 Kxg7 43. Nc3 Rf7
44. Qe5+ Kg8 45. Ne4 Bf5 46. Nd6 Nd7 47. Qf4 {Time 2:07-2:16} 1-0

[Event "SR 2. liga A 2004/2005"]
[Site "?"]
[Date "2005.01.22"]
[Round "7.4"]
[White "Cambel, Vladimir"]
[Black "Bednar, Jan"]
[Result "0-1"]
[WhiteElo "2080"]
[BlackElo "2124"]
[PlyCount "66"]
[EventDate "2004.??.??"]

1. Nf3 d5 2. g3 c5 3. d4 cxd4 4. Nxd4 e5 5. Nf3 Nc6 6. Bg2 Bc5 7. O-O Nf6 8. c4
d4 9. b4 Bxb4 10. Nxe5 Nxe5 11. Qa4+ Nc6 12. Bxc6+ bxc6 13. Qxb4 Qb6 14. Qd6 c5
15. Qe5+ Be6 16. Bg5 O-O 17. Nd2 Nd7 18. Qe4 Rfe8 19. Qc2 f6 20. Rab1 Qc6 21.
Bf4 g5 22. Bxg5 fxg5 23. f4 Bh3 24. Rf2 gxf4 25. Rb3 Re3 26. Nf3 Rf8 27. Nh4
Ne5 28. Rxf4 Rxf4 29. gxf4 Qf6 30. Rb8+ Kg7 31. Rb7+ Nf7 32. Ng2 Bxg2 33. Kxg2
Qc6+ 0-1

[Event "SR 2. liga A 2004/2005"]
[Site "?"]
[Date "2005.01.22"]
[Round "7.4"]
[White "Krajnak, Robert"]
[Black "Vrba, Michal"]
[Result "0-1"]
[WhiteElo "2157"]
[BlackElo "1879"]
[PlyCount "78"]
[EventDate "2004.??.??"]

1. c4 Nf6 2. Nc3 e5 3. Nf3 d6 4. g3 g6 5. Bg2 Bg7 6. O-O O-O 7. d3 Nc6 8. Rb1
a5 9. a3 Nh5 10. b4 axb4 11. axb4 f5 12. Nd5 h6 13. b5 Ne7 14. Nd2 Nxd5 15.
cxd5 Bd7 16. Nc4 b6 17. Bd2 Kh7 18. Qb3 f4 19. Bc3 Bg4 20. Qb2 f3 21. exf3 Bxf3
22. Bxf3 Rxf3 23. Qe2 Rf7 24. Nd2 Nf6 25. Qf3 Qf8 26. Qg2 Ra3 27. Rbc1 Qa8 28.
Nc4 Ra2 29. Ne3 Qe8 30. Rb1 Ra3 31. Rfc1 h5 32. Rc2 Bh6 33. Nc4 Ra7 34. Bd2
Bxd2 35. Nxd2 Qa8 36. Ne4 Nxe4 37. dxe4 Ra2 38. f3 Rxc2 39. Qxc2 Qa3 0-1

[Event "SR 2. liga A 2004/2005"]
[Site "?"]
[Date "2005.01.22"]
[Round "7.4"]
[White "Mosny, Jaroslav"]
[Black "Gajarsky, Roman"]
[Result "1/2-1/2"]
[WhiteElo "2046"]
[BlackElo "2025"]
[PlyCount "21"]
[EventDate "2004.??.??"]

1. d4 d5 2. Nf3 f5 3. g3 e6 4. Bg2 Nf6 5. Bf4 Bd6 6. Nbd2 O-O 7. O-O Ne4 8. c4
Bxf4 9. gxf4 c6 10. e3 Nd7 11. Ne5 1/2-1/2

[Event "SR 2. liga A 2004/2005"]
[Site "?"]
[Date "2005.01.22"]
[Round "7.4"]
[White "Sarmir, Milos"]
[Black "Farkas, Gabor"]
[Result "1-0"]
[WhiteElo "2160"]
[BlackElo "2072"]
[PlyCount "89"]
[EventDate "2004.??.??"]

1. e4 c5 2. Nf3 Nc6 3. d4 cxd4 4. Nxd4 Nf6 5. Nc3 e5 6. Ndb5 d6 7. Nd5 Nxd5 8.
exd5 Ne7 9. c4 Nf5 10. Bd3 g6 11. O-O Bg7 12. Bd2 a6 13. Nc3 O-O 14. Rc1 Bd7
15. Ne4 Qb6 16. b4 Nd4 17. c5 dxc5 18. bxc5 Qb2 19. Bc4 Bf5 20. Nd6 Bc2 21. Qe1
Qa3 22. Bb4 Qa4 23. Bc3 Rad8 24. Bxd4 exd4 25. Qe2 d3 26. Bxd3 Bxd3 27. Qxd3
Qxa2 28. Rc2 Qa4 29. Rc4 Qd7 30. Rb1 b5 31. Re4 Qc7 32. Qe3 Qa5 33. Re7 Qa2 34.
Rd1 Qc2 35. Re1 Qc3 36. Qxc3 Bxc3 37. Rd1 Bf6 38. Ra7 Ra8 39. Rxa8 Rxa8 40. Ne4
Be5 41. d6 a5 42. d7 Bc7 43. Nd6 Rb8 44. Re1 Kg7 45. Ne8+ 1-0

[Event "SR 2. liga A 2004/2005"]
[Site "?"]
[Date "2005.01.22"]
[Round "7.4"]
[White "Seitler, Andrej"]
[Black "Kovarik, Oto"]
[Result "1-0"]
[WhiteElo "2201"]
[BlackElo "2100"]
[PlyCount "119"]
[EventDate "2004.??.??"]

1. e4 c5 2. Nf3 d6 3. Bb5+ Bd7 4. Bxd7+ Qxd7 5. O-O e6 6. b3 Nf6 7. Qe2 Nc6 8.
Bb2 Be7 9. c4 e5 10. Nh4 O-O 11. Nf5 g6 12. Ng3 Ne8 13. f4 exf4 14. Rxf4 Ng7
15. Na3 Ne6 16. Rf2 Ncd4 17. Qg4 Qd8 18. Raf1 Bh4 19. Nb5 Nxb5 20. cxb5 Nd4 21.
Bxd4 cxd4 22. Rf5 Rc8 23. Rd5 Rc5 24. Rxd4 Rxb5 25. Nf5 Be7 26. Qg3 Re5 27. Kh1
Qc7 28. Nh6+ Kg7 29. Ng4 Rc5 30. Ne3 Rc1 31. Qf3 Bg5 32. Nc4 Rxf1+ 33. Qxf1 Rd8
34. Rd5 Qe7 35. Qd3 Qf6 36. g3 Qa1+ 37. Kg2 Qe1 38. Nxd6 Kg8 39. Rxg5 Rxd6 40.
Qxd6 Qe2+ 41. Kh3 h6 42. Rxg6+ fxg6 43. Qxg6+ Kf8 44. Qxh6+ Kf7 45. Qf4+ Ke7
46. d4 Qxa2 47. Qc7+ Ke6 48. Qxb7 Qe2 49. Qd5+ Ke7 50. Qf5 Qd2 51. d5 Qh6+ 52.
Kg4 Qxh2 53. Qe6+ Kf8 54. Qf6+ Kg8 55. d6 Qe2+ 56. Qf3 Qd2 57. Qf4 Qd1+ 58. Kg5
Qxb3 59. d7 Qd1 60. Kg6 1-0

[Event "SR 2. liga A 2004/2005"]
[Site "?"]
[Date "2005.01.22"]
[Round "7.5"]
[White "Kersten, Juraj"]
[Black "Hartl, Jan"]
[Result "0-1"]
[WhiteElo "1923"]
[BlackElo "2158"]
[PlyCount "50"]
[EventDate "2004.??.??"]

1. e4 d5 2. e5 e6 3. d4 c5 4. c3 Nc6 5. Bb5 Qb6 6. Ba4 Bd7 7. Ne2 f6 8. f4 Be7
9. Bc2 Nh6 10. a3 cxd4 11. cxd4 O-O 12. Qd3 g6 13. Nd2 fxe5 14. fxe5 Rac8 15.
Nf3 Ng4 16. h3 Ngxe5 17. Nxe5 Nxe5 18. dxe5 Bb5 19. Be3 Bxd3 20. Bxb6 Rxc2 21.
Nd4 Rxb2 22. Bxa7 Ra8 23. Nxe6 Rxa7 24. Nf4 Bc4 25. h4 Bxa3 0-1

[Event "SR 2. liga A 2004/2005"]
[Site "?"]
[Date "2005.01.22"]
[Round "7.5"]
[White "Kubis, Ivan"]
[Black "Hecko, Dusan"]
[Result "1-0"]
[WhiteElo "2064"]
[BlackElo "2137"]
[PlyCount "79"]
[EventDate "2004.??.??"]

1. e4 c6 2. d4 d5 3. Nc3 dxe4 4. Nxe4 Bf5 5. Ng3 Bg6 6. h4 h6 7. Nf3 Nd7 8. h5
Bh7 9. Bd3 Bxd3 10. Qxd3 Qc7 11. Bd2 Ngf6 12. O-O-O e6 13. Ne4 Nxe4 14. Qxe4
Nf6 15. Qe2 Be7 16. Kb1 O-O-O 17. c4 Kb8 18. g3 Ka8 19. Bc3 Rhe8 20. Ne5 Bd6
21. f4 a6 22. g4 Re7 23. g5 Nd7 24. Rdf1 f6 25. Ng6 Ree8 26. c5 Bf8 27. Qc4
fxg5 28. fxg5 Be7 29. gxh6 gxh6 30. Rf7 Bg5 31. Rhf1 b5 32. cxb6 Qxb6 33. a3
Nb8 34. Ne5 Rd5 35. Bb4 Rxd4 36. Qc5 Rxb4 37. axb4 Be3 38. Qxb6 Bxb6 39. Rf8
Rxf8 40. Rxf8 1-0

[Event "SR 2. liga A 2004/2005"]
[Site "?"]
[Date "2005.01.22"]
[Round "7.5"]
[White "Nicolini, Alexander"]
[Black "Lahucky, Pavol"]
[Result "1-0"]
[WhiteElo "2121"]
[BlackElo "2089"]
[PlyCount "145"]
[EventDate "2004.??.??"]

1. e4 e5 2. Nf3 Nc6 3. d4 exd4 4. Nxd4 Nxd4 5. Qxd4 d6 6. Nc3 Nf6 7. Bc4 Be7 8.
O-O O-O 9. h3 h6 10. Bb3 Bd7 11. a4 Qc8 12. Re1 a6 13. Qd3 Kh8 14. Bd2 Be6 15.
Bxe6 fxe6 16. Rad1 e5 17. Ne2 Nh5 18. g4 Nf4 19. Nxf4 exf4 20. e5 dxe5 21. Rxe5
Bf6 22. Re4 Qd8 23. Bxf4 Qxd3 24. Rxd3 Rf7 25. c3 Raf8 26. Bg3 Bg5 27. Kg2 Kh7
28. Red4 Re7 29. Rd7 Re2 30. Rxc7 Rxb2 31. Rdd7 Bf6 32. Rxb7 Rxb7 33. Rxb7 Bxc3
34. Ra7 a5 35. Rc7 Bd4 36. Rd7 Bc3 37. Rd3 Rc8 38. Rd5 Rc4 39. Rd3 Bd4 40. Ra3
Kg6 41. Bh4 Bc5 42. Ra2 Bb4 43. Bd8 Kf7 44. Re2 Rd4 45. Bb6 Rd6 46. Be3 Rc6 47.
Kf3 Rc3 48. Ra2 Ke6 49. Ke4 Rc4+ 50. Kd3 Rc3+ 51. Kd4 Rc8 52. Re2 Kf6 53. Kd5
Rd8+ 54. Kc4 Rc8+ 55. Kb5 Rd8 56. Bb6 Rd5+ 57. Kc4 Rd1 58. Bd4+ Kf7 59. Re5
Rc1+ 60. Kb5 Rc8 61. Bb6 Bd6 62. Rf5+ Ke6 63. Kxa5 g6 64. Rf3 Rc4 65. Rd3 Ke5
66. Be3 g5 67. Rb3 Rc8 68. Kb5 Rc2 69. a5 Ra2 70. a6 Bb8 71. Kb6 Kd5 72. Kb7
Ke4 73. Rb6 1-0

[Event "SR 2. liga A 2004/2005"]
[Site "?"]
[Date "2005.01.22"]
[Round "7.5"]
[White "Stefan, Oldrich"]
[Black "Breja, Stanislav"]
[Result "1/2-1/2"]
[WhiteElo "2085"]
[BlackElo "2131"]
[PlyCount "39"]
[EventDate "2004.??.??"]

1. d4 d5 2. Nf3 Nf6 3. c4 dxc4 4. Qa4+ c6 5. Qxc4 Bf5 6. e3 e6 7. Bd3 Bxd3 8.
Qxd3 Na6 9. O-O Be7 10. b3 O-O 11. Bb2 Nb4 12. Qe2 a5 13. Nc3 Nfd5 14. Rad1
Nxc3 15. Bxc3 Qb6 16. Ne5 Qa6 17. Qxa6 Rxa6 18. a3 f6 19. Nd7 Rd8 20. Bxb4
1/2-1/2

[Event "SR 2. liga A 2004/2005"]
[Site "?"]
[Date "2005.01.22"]
[Round "7.5"]
[White "Szollos, Ondrej"]
[Black "Kebis, Milos"]
[Result "1-0"]
[WhiteElo "2101"]
[BlackElo "2097"]
[PlyCount "95"]
[EventDate "2004.??.??"]
[TimeControl "240+2"]

{48MB, Fritz8.ctg, FRATRIC-A552EF0} 1. Nf3 g6 2. d3 Bg7 3. c3 Nf6 4. e4 d6 5.
Be2 O-O 6. Nbd2 c5 7. O-O Nc6 8. Re1 b5 9. Qc2 Bb7 10. Nf1 Rc8 11. Ng3 Qb6 12.
h3 Rfe8 13. Bg5 h6 14. Be3 e5 15. Rad1 Kh7 16. Nh2 Nd4 17. Qb1 Ne6 18. Ng4 Qd8
19. Qc1 Ng8 20. Bf1 h5 21. Nh2 Rf8 22. Nf3 Bf6 23. Qd2 h4 24. Ne2 g5 25. Nh2
Nh6 26. f3 Rc7 27. d4 Qe8 28. d5 Nf4 29. b4 c4 30. Nxf4 gxf4 31. Bxa7 Bc8 32.
Bb6 Rb7 33. Bf2 Bd7 34. Re2 Qa8 35. Qe1 Qd8 36. Rb2 Qe7 37. a4 bxa4 38. Bxc4
Ra8 39. Ra2 Rc7 40. Bf1 Qd8 41. c4 Rcc8 42. Rda1 Rc7 43. b5 Qe7 44. Rxa4 Rg8
45. Kh1 Rb8 {Time 1:40-2:47} 46. Ra7 Rbb7 47. R1a2 Qd8 48. b6 1-0

[Event "SR 2. liga A 2004/2005"]
[Site "?"]
[Date "2005.01.22"]
[Round "7.5"]
[White "Varga, David"]
[Black "Rohackova, Veronika"]
[Result "1/2-1/2"]
[WhiteElo "2044"]
[BlackElo "2056"]
[PlyCount "68"]
[EventDate "2004.??.??"]

1. e4 c5 2. Nf3 Nc6 3. d4 cxd4 4. Nxd4 Nf6 5. Nc3 g6 6. Be3 Bg7 7. Bc4 Qa5 8.
O-O d6 9. h3 O-O 10. Bb3 Bd7 11. Nde2 Qh5 12. Nf4 Qxd1 13. Rfxd1 Rfc8 14. f3
Na5 15. Rd2 Nc4 16. Bxc4 Rxc4 17. Nce2 h6 18. c3 b6 19. Nd3 Bb5 20. Nd4 Ba6 21.
Nc2 Bb7 22. e5 dxe5 23. Nxe5 Rcc8 24. Ng4 Nxg4 25. hxg4 e5 26. Kf2 Kf8 27. Rh1
Rd8 28. Ke2 Ba6+ 29. Ke1 g5 30. g3 Rxd2 31. Bxd2 Re8 32. Ne3 Bd3 33. Kf2 Rd8
34. Bc1 Ke8 1/2-1/2

[Event "SR 2. liga A 2004/2005"]
[Site "?"]
[Date "2005.01.22"]
[Round "7.6"]
[White "Djubek, Boris"]
[Black "Duris, Ivan"]
[Result "1/2-1/2"]
[WhiteElo "2127"]
[BlackElo "2036"]
[PlyCount "74"]
[EventDate "2004.??.??"]

1. d4 d5 2. c4 e6 3. Nc3 Nf6 4. Bg5 Be7 5. e3 b6 6. cxd5 Nxd5 7. Bxe7 Nxe7 8.
Qf3 Nbc6 9. Bb5 Bb7 10. Nge2 O-O 11. O-O Rb8 12. Qh5 Ng6 13. Rac1 f5 14. Rfd1
Nb4 15. Bc4 Nd5 16. Nxd5 Bxd5 17. Bxd5 exd5 18. Nc3 c6 19. g3 Rf6 20. Ne2 Qd6
21. Rc2 Rbf8 22. Rdc1 Ne7 23. Nf4 h6 24. h4 Kh7 25. Kg2 g6 26. Qe2 h5 27. Qa6
Qd7 28. Qa4 b5 29. Qa5 Rb8 30. a3 Rb6 31. Rc5 Qb7 32. Nd3 Rd6 33. Qc3 Kg7 34.
Ne5 Qc8 35. Qc2 Ra6 36. Qe2 Qe6 37. Qc2 Kf8 1/2-1/2